00492 2200193 4500001002100000005001500021035002000036245005400056100001100110300002600121260003100147082001200178084001800190020002200208600001700230990001700247990001700264990001700281INLIS00000000000150920260630072428 a0010-06260000201 aPembelajaran BerbasisKecerdasan Majemuk /cAlimah0 aAlimah a118 hlm ;c14 X 21 cm aYogyakarta :bHikam,c2023 a371.102 a371.102 ALI p a978-623-311-824-8 4aPembelajaran a4906/PP/2026 a4907/PP/2026 a4908/PP/2026